书目信息 |
| 题名: |
现代名中医头痛头晕治疗绝技
|
|
| 作者: | 吴大真 主编 | |
| 分册: | ||
| 出版信息: | 北京 科学技术文献出版社 2005 |
|
| 页数: | 370页 | |
| 开本: | 21cm | |
| 丛书名: | ||
| 单 册: | ||
| 中图分类: | R242 | |
| 科图分类: | ||
| 主题词: | 眩晕--中医治疗法 , 头痛 , 头痛--中医治疗法 , 眩晕 , 中医治疗法 , 中医学:临床医学 , 中医学:临床医学 | |
| 电子资源: | ||
| ISBN: | 7-5023-5127-2 | |
| 000 | 01073nam0 2200301 450 | |
| 001 | 003021080 | |
| 005 | 20061107085323.01 | |
| 010 | @a7-5023-5127-2@dCNY19.00 | |
| 100 | @a20050119d2005 em y0chiy0110 ea | |
| 101 | 0 | @achi |
| 102 | @aCN@b110000 | |
| 105 | @aa z 000yy | |
| 200 | 1 | @a现代名中医头痛头晕治疗绝技@9xian dai ming zhong yi tou tong tou yun zhi liao jue ji@f吴大真等主编@Fwu da zhen deng zhu bian |
| 210 | @a北京@c科学技术文献出版社@d2005 | |
| 215 | @a370页@c彩照@d21cm | |
| 304 | @a主编还有:刘学春、王光涛、高淑艳、张永利、王凤岐等 | |
| 330 | @a本书载入了张炳厚自拟茶调散系列方调治头痛十二证型;杨友鹤内外并治,妙解血管神经性头痛等,精选近十年国内权威刊物中发表的各家名医临床实践经验,分头痛篇和头晕篇两部分内容介绍。 | |
| 606 | 0 | @a眩晕@x中医治疗法 |
| 606 | 0 | @a头痛 |
| 606 | 0 | @a头痛@x中医治疗法 |
| 606 | 0 | @a眩晕 |
| 606 | 0 | @a中医治疗法 |
| 606 | 0 | @a中医学:临床医学 |
| 606 | 0 | @a中医学:临床医学 |
| 690 | @aR242@v4 | |
| 701 | 0 | @a吴大真@9wu da zhen@c(女,@f1942~)@4主编 |
| 801 | 0 | @aCN@bNLC@c20061107 |
| 905 | @a10447@dR242@e180 | |
| 现代名中医头痛头晕治疗绝技/吴大真等主编.-北京:科学技术文献出版社,2005 |
| 370页:彩照;21cm |
| ISBN 7-5023-5127-2:CNY19.00 |
| 本书载入了张炳厚自拟茶调散系列方调治头痛十二证型;杨友鹤内外并治,妙解血管神经性头痛等,精选近十年国内权威刊物中发表的各家名医临床实践经验,分头痛篇和头晕篇两部分内容介绍。 |
| ● |
| 相关链接 |
|
|
|
|
正题名:现代名中医头痛头晕治疗绝技
索取号:R242/180
 
预约/预借
| 序号 | 登录号 | 条形码 | 馆藏地/架位号 | 状态 | 备注 |
| 1 | 0382306 | 203823069 | 第二样本阅览室/ [索取号:R242/180] | 在馆 | |
| 2 | 0382307 | 203823078 | 第三借阅区/ [索取号:R242/180] | 在馆 | |
| 3 | 0382308 | 203823087 | 第三借阅区/ [索取号:R242/180] | 在馆 | |
| 4 | 0382309 | 203823096 | 第三借阅区/ [索取号:R242/180] | 在馆 | |
| 5 | 0382310 | 203823103 | 第三借阅区/ [索取号:R242/180] | 在馆 |